The changing nature of the self : a critical study of the autobiographic discourse /

Bibliographic Details
Main Author: Elbaz, Robert
Format: Book
Language:English
Published: Iowa City : University of Iowa Press, 1987.
Edition:1st ed.
Subjects:

MARC

Tag First Indicator Second Indicator Subfields
LEADER 00000cam a2200000 a 4500
001 in00000015783
005 20151007052611.0
008 880308s1987 iau b 00110 eng d
010 |a  87051135  
020 |a 0877452032 
035 |a (OCoLC)17598211 
035 |9 AAA8463AM 
040 |a TOL  |c TOL  |d TXA  |d UtOrBLW 
049 |a TXAM  |c [A12609176] 
050 4 |a CT25  |b .E4 1987 
100 1 |a Elbaz, Robert. 
245 1 4 |a The changing nature of the self :  |b a critical study of the autobiographic discourse /  |c Robert Elbaz. 
250 |a 1st ed. 
264 1 |a Iowa City :  |b University of Iowa Press,  |c 1987. 
300 |a ix, 189 pages ;  |c 23 cm. 
336 |a text  |b txt  |2 rdacontent 
337 |a unmediated  |b n  |2 rdamedia 
338 |a volume  |b nc  |2 rdacarrier 
504 |a Includes bibliographical references and index. 
650 0 |a Autobiography. 
999 |a MARS 
999 f f |s 5c8b34b4-ae5f-3bad-8d35-85dbdf84d782  |i 4d1db440-15ce-3725-83e5-a4468e8455ed  |t 0 
952 f f |p ric  |a Texas A&M University  |b Rellis Campus  |c Joint Library Facility  |d Remote Storage  |t 0  |e CT25 .E4 1987  |h Library of Congress classification  |i unmediated -- volume  |m A14812609176 
998 f f |a CT25 .E4 1987  |t 0  |l Remote Storage